Thickening of natural rubber latex by zinc/ammine system (Record no. 71308)
[ view plain ]
| 000 -LEADER | |
|---|---|
| fixed length control field | 00986nam a2200145Ia 4500 |
| 100 ## - MAIN ENTRY--AUTHOR NAME | |
| Personal name | Kalyani Liyanage N M V |
| 245 #0 - TITLE STATEMENT | |
| Title | Thickening of natural rubber latex by zinc/ammine system |
| 260 ## - PUBLICATION, DISTRIBUTION, ETC. (IMPRINT) | |
| Name of publisher | Papers presented at IRRDB seminar 5-8 November 1996 Sri Lanka p38 |
| 520 ## - SUMMARY, ETC. | |
| Summary, etc | It is known that when ammonia preserved NR latex is compounded with zinc oxide and an ammonium salt it often undergoes progressive thickening. The rate of zinc oxide thickening can be altered with the addition of fatty acid soaps. It has been found that the extent of the alteration of the rate of zinc oxide thickening is greatly dependent upon the type and level of added fatty acid soap. This observation suggests that the influence of added fatty acid soaps upon the thickening of NR latex by zinc/ammine system is a balance of more than one reaction. |
| 650 ## - SUBJECT ADDED ENTRY--TOPICAL TERM | |
| Topical Term | Natural rubber latex |
| 650 ## - SUBJECT ADDED ENTRY--TOPICAL TERM | |
| Topical Term | Thickening |
| 700 ## - ADDED ENTRY--PERSONAL NAME | |
| Personal name | Wijesinghe U |
| 942 ## - ADDED ENTRY ELEMENTS (KOHA) | |
| Koha item type | Journals |
| Withdrawn status | Lost status | Damaged status | Not for loan | Home library | Current library | Shelving location | Date acquired | Koha item type |
|---|---|---|---|---|---|---|---|---|
| Journals | RRII Library | RRII Library | Rubber chemistry | 17/12/2021 | Journals |